000 00347nam a2200121Ia 4500
008 240731s9999 xx 000 0 und d
022 _a1744-5779
245 0 _aInternational Journal of Parallel, Emergent and Distributed Systems
260 _bTaylor & Francis
856 _uhttps://www.tandfonline.com/loi/gpaa20
942 _2ddc
942 _cTFEJ
999 _c77184
_d77184
945 _a1
_bMadushi Gamage
_c1
_dMadushi Gamage